Southville International School and Colleges
Your cart is empty.
  • Cart
  • Lists
    Public lists Eva Luna New books Lux_list list_1
    Your lists Log in to create your own lists
  • Log in to your account
  • Your cookies
  • Search history
Southville International School and Colleges
  • Advanced search
  • Recent comments
  • Most popular
  • Libraries

Log in to your account

Log in with GOOGLE


If you do not have an external account, but do have a local account, you can still log in:

  1. Home
  2. MARC view: Infancy :
Normal view MARC view ISBD view

Infancy : (Record no. 368229)

[ view plain ]
MARC details
000 -LEADER
fixed length control field 00830nam a22002417a 4500
003 - CONTROL NUMBER IDENTIFIER
control field 0
005 - DATE AND TIME OF LATEST TRANSACTION
control field 20251014100920.0
008 - FIXED-LENGTH DATA ELEMENTS--GENERAL INFORMATION
fixed length control field 251014b xxu||||| |||| 00| 0 eng d
020 ## - INTERNATIONAL STANDARD BOOK NUMBER
International Standard Book Number 978-1-0718-3098-7
050 ## - LIBRARY OF CONGRESS CALL NUMBER
Classification number BF 720.I46
Item number .O25 2024
100 ## - MAIN ENTRY--PERSONAL NAME
Personal name Oakes, Lisa M.,
Relator term author.
245 ## - TITLE STATEMENT
Title Infancy :
Remainder of title the development of the whole child /
Statement of responsibility, etc Lisa M. Oakes, Vanessa LoBue, and Marianella Casasola.
260 ## - PUBLICATION, DISTRIBUTION, ETC. (IMPRINT)
Place of publication, distribution, etc Thousand Oaks, California :
Name of publisher, distributor, etc Sage,
Date of publication, distribution, etc 2024.
300 ## - PHYSICAL DESCRIPTION
Extent xxii, 517 pages :
Other physical details illustrations ;
Dimensions 24 cm.
504 ## - BIBLIOGRAPHY, ETC. NOTE
Bibliography, etc Includes bibliographical references and index.
650 ## - SUBJECT ADDED ENTRY--TOPICAL TERM
Topical term or geographic name as entry element Infants
General subdivision Development.
650 ## - SUBJECT ADDED ENTRY--TOPICAL TERM
Topical term or geographic name as entry element Developmental psychology.
650 ## - SUBJECT ADDED ENTRY--TOPICAL TERM
Topical term or geographic name as entry element Child development.
650 ## - SUBJECT ADDED ENTRY--TOPICAL TERM
Topical term or geographic name as entry element Infants
General subdivision Psychology.
700 ## - ADDED ENTRY--PERSONAL NAME
Personal name LoBue, Vanessa,
Relator term author.
700 ## - ADDED ENTRY--PERSONAL NAME
Personal name Casasola, Marianella,
Relator term author.
942 ## - ADDED ENTRY ELEMENTS (KOHA)
Source of classification or shelving scheme Library of Congress Classification
Koha item type Books
Holdings
Withdrawn status Lost status Source of classification or shelving scheme Damaged status Home library Current library Shelving location Date acquired Source of acquisition Sub Shelving location Total Checkouts Full call number Barcode Date last seen Price effective from Koha item type
    Library of Congress Classification   College Library College Library Reserve Section 06/04/2025 Library Fund     BF 720.I46 .O25 2024 C25357 10/14/2025 10/14/2025 Books

Infancy :

APA

Oakes L. M., LoBue V. & Casasola M. (2024). Infancy. Thousand Oaks, California: Sage.

Chicago

Oakes Lisa M, LoBue Vanessa and Casasola Marianella. 2024. Infancy. Thousand Oaks, California: Sage.

Harvard

Oakes L. M., LoBue V. and Casasola M. (2024). Infancy. Thousand Oaks, California: Sage.

MLA

Oakes Lisa M, LoBue Vanessa and Casasola Marianella. Infancy. Thousand Oaks, California: Sage. 2024.

  • Place hold
  • Print
  • Cite
  • Add to your cart (remove)
  • Save record
    BIBTEX Dublin Core MARCXML MARC (non-Unicode/MARC-8) MARC (Unicode/UTF-8) MARC (Unicode/UTF-8, Standard) MODS (XML) RIS
  • More searches
    Search for this title in:
    Other Libraries (WorldCat) Other Databases (Google Scholar) Online Stores (Bookfinder.com) Open Library (openlibrary.org)

Exporting to Dublin Core...

SOUTHVILLE LIBRARY

Southville International School and Colleges Library

1281 Tropical Ave. Cor. Luxembourg St., BF Homes International, Las Pinas City

Tel. No. 8256374 / 252358 Loc. 117/146

Powered by Koha